| 000 | 00461cam a22001097a 4500 | ||
|---|---|---|---|
| 008 | 180718b1984 xxu||||| |||| 00| 0 eng d | ||
| 082 | _aY4303x6 F739 | ||
| 245 |
_aLegislation on wildlife and protected areas in Africa _cby Food and Agriculture Organization of the United Nations, Italy |
||
| 260 |
_aRome _bFood and Agriculture Organization of the United Nations _c1984 |
||
| 300 | _a158+p. | ||
| 700 | _aItaly. Food and Agriculture Organization of the United Nations | ||
| 999 |
_c499211 _d499211 |
||